<?xml version="1.0" encoding="UTF-8"?>
<collection xmlns="http://www.loc.gov/MARC21/slim">
 <record>
  <leader>04848cam a2200841 c 4500</leader>
  <controlfield tag="001">161109299X</controlfield>
  <controlfield tag="003">DE-627</controlfield>
  <controlfield tag="005">20260206202915.0</controlfield>
  <controlfield tag="007">tu</controlfield>
  <controlfield tag="008">000615s2000    gw |||||      00| ||ger c</controlfield>
  <datafield tag="015" ind1=" " ind2=" ">
   <subfield code="a">01,A05,1475</subfield>
   <subfield code="2">dnb</subfield>
  </datafield>
  <datafield tag="016" ind1="7" ind2=" ">
   <subfield code="a">960075348</subfield>
   <subfield code="2">DE-101</subfield>
  </datafield>
  <datafield tag="020" ind1=" " ind2=" ">
   <subfield code="a">3886807029</subfield>
   <subfield code="q"> : DM 98.00</subfield>
  </datafield>
  <datafield tag="035" ind1=" " ind2=" ">
   <subfield code="a">(DE-627)161109299X</subfield>
  </datafield>
  <datafield tag="035" ind1=" " ind2=" ">
   <subfield code="a">(DE-603)092781497</subfield>
  </datafield>
  <datafield tag="035" ind1=" " ind2=" ">
   <subfield code="a">(DE-576)085487058</subfield>
  </datafield>
  <datafield tag="035" ind1=" " ind2=" ">
   <subfield code="a">(DE-599)BSZ085487058</subfield>
  </datafield>
  <datafield tag="035" ind1=" " ind2=" ">
   <subfield code="a">(OCoLC)51715077</subfield>
  </datafield>
  <datafield tag="035" ind1=" " ind2=" ">
   <subfield code="a">(OCoLC)51715077</subfield>
  </datafield>
  <datafield tag="035" ind1=" " ind2=" ">
   <subfield code="a">(DE-604)813379010x</subfield>
  </datafield>
  <datafield tag="040" ind1=" " ind2=" ">
   <subfield code="a">DE-627</subfield>
   <subfield code="b">ger</subfield>
   <subfield code="c">DE-627</subfield>
   <subfield code="e">rakwb</subfield>
  </datafield>
  <datafield tag="041" ind1=" " ind2=" ">
   <subfield code="a">ger</subfield>
   <subfield code="h">eng</subfield>
  </datafield>
  <datafield tag="044" ind1=" " ind2=" ">
   <subfield code="c">XA-DE</subfield>
   <subfield code="c">XA-NL</subfield>
  </datafield>
  <datafield tag="050" ind1=" " ind2="0">
   <subfield code="a">ND653.R4</subfield>
  </datafield>
  <datafield tag="082" ind1="0" ind2="4">
   <subfield code="a">13.4p/XA-NL</subfield>
   <subfield code="q">dnb</subfield>
  </datafield>
  <datafield tag="084" ind1=" " ind2=" ">
   <subfield code="a">KU 786 REM</subfield>
   <subfield code="2">sfb</subfield>
  </datafield>
  <datafield tag="084" ind1=" " ind2=" ">
   <subfield code="a">46</subfield>
   <subfield code="2">sdnb</subfield>
  </datafield>
  <datafield tag="084" ind1=" " ind2=" ">
   <subfield code="a">8</subfield>
   <subfield code="2">ssgn</subfield>
  </datafield>
  <datafield tag="084" ind1=" " ind2=" ">
   <subfield code="a">LI 71003</subfield>
   <subfield code="2">rvk</subfield>
   <subfield code="0">(DE-625)rvk/96918:13281</subfield>
  </datafield>
  <datafield tag="084" ind1=" " ind2=" ">
   <subfield code="a">LI 71005</subfield>
   <subfield code="2">rvk</subfield>
   <subfield code="0">(DE-625)rvk/96918:13283</subfield>
  </datafield>
  <datafield tag="084" ind1=" " ind2=" ">
   <subfield code="a">LI 71000</subfield>
   <subfield code="2">rvk</subfield>
   <subfield code="0">(DE-625)rvk/96918:13278</subfield>
  </datafield>
  <datafield tag="084" ind1=" " ind2=" ">
   <subfield code="a">20.31</subfield>
   <subfield code="2">bkl</subfield>
  </datafield>
  <datafield tag="100" ind1="1" ind2=" ">
   <subfield code="a">Schama, Simon</subfield>
   <subfield code="d">1945-</subfield>
   <subfield code="0">(DE-588)111458323</subfield>
   <subfield code="0">(DE-627)50258288X</subfield>
   <subfield code="0">(DE-576)162884060</subfield>
   <subfield code="4">aut</subfield>
  </datafield>
  <datafield tag="240" ind1="1" ind2="0">
   <subfield code="a">Rembrandt's eyes &lt;dt.&gt;</subfield>
  </datafield>
  <datafield tag="245" ind1="1" ind2="0">
   <subfield code="a">Rembrandts Augen</subfield>
   <subfield code="c">von Simon Schama. Aus dem Engl. von Bettina Blumenberg</subfield>
  </datafield>
  <datafield tag="250" ind1=" " ind2=" ">
   <subfield code="a">1. Aufl</subfield>
  </datafield>
  <datafield tag="264" ind1=" " ind2="1">
   <subfield code="a">Berlin</subfield>
   <subfield code="b">Siedler</subfield>
   <subfield code="c">2000</subfield>
  </datafield>
  <datafield tag="300" ind1=" " ind2=" ">
   <subfield code="a">XI, 744 S</subfield>
   <subfield code="b">zahlr. Ill., Kt</subfield>
   <subfield code="c">26 cm</subfield>
  </datafield>
  <datafield tag="336" ind1=" " ind2=" ">
   <subfield code="a">Text</subfield>
   <subfield code="b">txt</subfield>
   <subfield code="2">rdacontent</subfield>
  </datafield>
  <datafield tag="337" ind1=" " ind2=" ">
   <subfield code="a">ohne Hilfsmittel zu benutzen</subfield>
   <subfield code="b">n</subfield>
   <subfield code="2">rdamedia</subfield>
  </datafield>
  <datafield tag="338" ind1=" " ind2=" ">
   <subfield code="a">Band</subfield>
   <subfield code="b">nc</subfield>
   <subfield code="2">rdacarrier</subfield>
  </datafield>
  <datafield tag="361" ind1="1" ind2=" ">
   <subfield code="5">DE-Po86</subfield>
   <subfield code="y">3984900910</subfield>
   <subfield code="s">Y/Rem-92</subfield>
   <subfield code="o">Vorbesitz</subfield>
   <subfield code="a">Jacobs, Fritz</subfield>
   <subfield code="0">(DE-588)133823962</subfield>
   <subfield code="0">(DE-627)556793943</subfield>
   <subfield code="0">(DE-576)161556191</subfield>
   <subfield code="f">Exlibris</subfield>
  </datafield>
  <datafield tag="500" ind1=" " ind2=" ">
   <subfield code="a">Literaturverz. S. [725] - 727. - Mit Reg</subfield>
  </datafield>
  <datafield tag="600" ind1="0" ind2="7">
   <subfield code="0">(DE-588)11859964X</subfield>
   <subfield code="0">(DE-627)133823814</subfield>
   <subfield code="0">(DE-576)317885871</subfield>
   <subfield code="a">Rembrandt</subfield>
   <subfield code="c">Harmensz van Rijn</subfield>
   <subfield code="d">1606-1669</subfield>
   <subfield code="2">gnd</subfield>
  </datafield>
  <datafield tag="600" ind1="1" ind2="7">
   <subfield code="0">(DE-588)11860354X</subfield>
   <subfield code="0">(DE-627)133816001</subfield>
   <subfield code="0">(DE-576)162806760</subfield>
   <subfield code="a">Rubens, Peter Paul</subfield>
   <subfield code="d">1577-1640</subfield>
   <subfield code="2">gnd</subfield>
  </datafield>
  <datafield tag="600" ind1="1" ind2="4">
   <subfield code="a">Rembrandt &lt;Harmensz van Rijn&gt;</subfield>
  </datafield>
  <datafield tag="650" ind1="0" ind2="7">
   <subfield code="0">(DE-588)4037220-0</subfield>
   <subfield code="0">(DE-627)10623871X</subfield>
   <subfield code="0">(DE-576)209022892</subfield>
   <subfield code="a">Malerei</subfield>
   <subfield code="2">gnd</subfield>
  </datafield>
  <datafield tag="651" ind1=" " ind2="7">
   <subfield code="0">(DE-588)4042203-3</subfield>
   <subfield code="0">(DE-627)104400765</subfield>
   <subfield code="0">(DE-576)209049030</subfield>
   <subfield code="a">Niederlande</subfield>
   <subfield code="2">gnd</subfield>
  </datafield>
  <datafield tag="689" ind1="0" ind2="0">
   <subfield code="d">p</subfield>
   <subfield code="0">(DE-588)11859964X</subfield>
   <subfield code="0">(DE-627)133823814</subfield>
   <subfield code="0">(DE-576)317885871</subfield>
   <subfield code="a">Rembrandt</subfield>
   <subfield code="c">Harmensz van Rijn</subfield>
   <subfield code="d">1606-1669</subfield>
   <subfield code="2">gnd</subfield>
  </datafield>
  <datafield tag="689" ind1="0" ind2=" ">
   <subfield code="5">DE-101</subfield>
  </datafield>
  <datafield tag="689" ind1="1" ind2="0">
   <subfield code="d">p</subfield>
   <subfield code="0">(DE-588)11859964X</subfield>
   <subfield code="0">(DE-627)133823814</subfield>
   <subfield code="0">(DE-576)317885871</subfield>
   <subfield code="a">Rembrandt</subfield>
   <subfield code="c">Harmensz van Rijn</subfield>
   <subfield code="d">1606-1669</subfield>
   <subfield code="2">gnd</subfield>
  </datafield>
  <datafield tag="689" ind1="1" ind2=" ">
   <subfield code="5">(DE-627)</subfield>
  </datafield>
  <datafield tag="700" ind1="0" ind2=" ">
   <subfield code="a">Rembrandt</subfield>
   <subfield code="c">Harmensz van Rijn</subfield>
   <subfield code="d">1606-1669</subfield>
   <subfield code="0">(DE-588)11859964X</subfield>
   <subfield code="0">(DE-627)133823814</subfield>
   <subfield code="0">(DE-576)317885871</subfield>
   <subfield code="4">oth</subfield>
  </datafield>
  <datafield tag="700" ind1="1" ind2=" ">
   <subfield code="a">Blumenberg, Bettina</subfield>
   <subfield code="4">oth</subfield>
  </datafield>
  <datafield tag="700" ind1="1" ind2="2">
   <subfield code="a">Schama, Simon</subfield>
   <subfield code="d">1945-</subfield>
   <subfield code="t">Rembrandt's eyes &lt;dt.&gt;</subfield>
  </datafield>
  <datafield tag="787" ind1="0" ind2="8">
   <subfield code="i">Rezensiert in</subfield>
   <subfield code="a">Büttner, Nils, 1967 - </subfield>
   <subfield code="t">[Rezension von: Simon Schama, Rembrandts Augen]</subfield>
   <subfield code="d">2001</subfield>
   <subfield code="w">(DE-627)1921641819</subfield>
  </datafield>
  <datafield tag="856" ind1="4" ind2="2">
   <subfield code="u">http://d-nb.info/960075348/04</subfield>
   <subfield code="m">B:DE-101</subfield>
   <subfield code="q">pdf/application</subfield>
   <subfield code="v">20161127003401</subfield>
   <subfield code="x">Verlag</subfield>
   <subfield code="3">Inhaltsverzeichnis</subfield>
   <subfield code="7">1</subfield>
  </datafield>
  <datafield tag="856" ind1="4" ind2="2">
   <subfield code="u">https://swbplus.bsz-bw.de/bsz085487058rez.htm</subfield>
   <subfield code="m">V:DE-576</subfield>
   <subfield code="v">2005-09-19</subfield>
   <subfield code="3">Rezension</subfield>
   <subfield code="7">1</subfield>
  </datafield>
  <datafield tag="856" ind1="4" ind2="2">
   <subfield code="u">http://scans.hebis.de/HEBCGI/show.pl?09278149_rez.pdf</subfield>
   <subfield code="m">V:DE-576</subfield>
   <subfield code="q">application/pdf</subfield>
   <subfield code="3">Rezension</subfield>
   <subfield code="7">1</subfield>
  </datafield>
  <datafield tag="856" ind1="4" ind2="2">
   <subfield code="u">http://scans.hebis.de/HEBCGI/show.pl?09278149_toc.pdf</subfield>
   <subfield code="m">V:DE-605;X:Imageware</subfield>
   <subfield code="q">application/pdf</subfield>
   <subfield code="3">Inhaltsverzeichnis</subfield>
   <subfield code="7">1</subfield>
  </datafield>
  <datafield tag="889" ind1=" " ind2=" ">
   <subfield code="w">(DE-576)9314110370</subfield>
  </datafield>
  <datafield tag="889" ind1=" " ind2=" ">
   <subfield code="w">(DE-627)314110372</subfield>
  </datafield>
  <datafield tag="935" ind1=" " ind2=" ">
   <subfield code="i">mdedup</subfield>
  </datafield>
  <datafield tag="936" ind1="r" ind2="v">
   <subfield code="a">LI 71003</subfield>
   <subfield code="b">Abbildungswerke und Monographien zu einem Thema (sofern hierzu Werke des Künstlers aus zwei oder mehr Kunstgattungen - z.B. Plastik und Malerei - vorliegen)</subfield>
   <subfield code="k">Kunstgeschichte</subfield>
   <subfield code="k">Künstler-Monografien</subfield>
   <subfield code="k">Alphabetische Künstlerliste</subfield>
   <subfield code="k">Künstler R</subfield>
   <subfield code="k">Rembrandt Harmensz. van Rijn (bis 71010)</subfield>
   <subfield code="k">Abbildungswerke und Monographien zu einem Thema (sofern hierzu Werke des Künstlers aus zwei oder mehr Kunstgattungen - z.B. Plastik und Malerei - vorliegen)</subfield>
   <subfield code="0">(DE-627)1270705156</subfield>
   <subfield code="0">(DE-625)rvk/96918:13281</subfield>
   <subfield code="0">(DE-576)200705156</subfield>
  </datafield>
  <datafield tag="936" ind1="r" ind2="v">
   <subfield code="a">LI 71005</subfield>
   <subfield code="b">Biografien, Werkdarstellungen, Gedenkreden und andere Gesamtwürdigungen (Sammelwerke, Festschriften etc.)</subfield>
   <subfield code="k">Kunstgeschichte</subfield>
   <subfield code="k">Künstler-Monografien</subfield>
   <subfield code="k">Alphabetische Künstlerliste</subfield>
   <subfield code="k">Künstler R</subfield>
   <subfield code="k">Rembrandt Harmensz. van Rijn (bis 71010)</subfield>
   <subfield code="k">Biografien, Werkdarstellungen, Gedenkreden und andere Gesamtwürdigungen (Sammelwerke, Festschriften etc.)</subfield>
   <subfield code="0">(DE-627)1270700383</subfield>
   <subfield code="0">(DE-625)rvk/96918:13283</subfield>
   <subfield code="0">(DE-576)200700383</subfield>
  </datafield>
  <datafield tag="936" ind1="r" ind2="v">
   <subfield code="a">LI 71000</subfield>
   <subfield code="b">Werkverzeichnisse, Ausstellungskataloge. Personalbibliografien</subfield>
   <subfield code="k">Kunstgeschichte</subfield>
   <subfield code="k">Künstler-Monografien</subfield>
   <subfield code="k">Alphabetische Künstlerliste</subfield>
   <subfield code="k">Künstler R</subfield>
   <subfield code="k">Rembrandt Harmensz. van Rijn (bis 71010)</subfield>
   <subfield code="k">Werkverzeichnisse, Ausstellungskataloge. Personalbibliografien</subfield>
   <subfield code="0">(DE-627)1270638432</subfield>
   <subfield code="0">(DE-625)rvk/96918:13278</subfield>
   <subfield code="0">(DE-576)200638432</subfield>
  </datafield>
  <datafield tag="936" ind1="b" ind2="k">
   <subfield code="a">20.31</subfield>
   <subfield code="j">Bildende Künstler</subfield>
   <subfield code="0">(DE-627)181571080</subfield>
  </datafield>
  <datafield tag="936" ind1="s" ind2="n">
   <subfield code="a">l300</subfield>
   <subfield code="2">mzub</subfield>
  </datafield>
  <datafield tag="951" ind1=" " ind2=" ">
   <subfield code="a">BO</subfield>
  </datafield>
  <datafield tag="990" ind1=" " ind2=" ">
   <subfield code="a">Rembrandt &lt;Harmensz van Rijn&gt; </subfield>
  </datafield>
  <datafield tag="990" ind1=" " ind2=" ">
   <subfield code="a">Rembrandt &lt;Harmensz van Rijn&gt; </subfield>
  </datafield>
  <datafield tag="991" ind1=" " ind2=" ">
   <subfield code="a">Rezensiertes Werk</subfield>
  </datafield>
  <datafield tag="999" ind1=" " ind2=" ">
   <subfield code="a">KXP-PPN161109299X</subfield>
   <subfield code="e">4927471438</subfield>
  </datafield>
 </record>
</collection>
